| 000 | 00556nam a2200169Ia 4500 | ||
|---|---|---|---|
| 008 | 220216s9999 xx 000 0 und d | ||
| 100 | _aPillay P.N.R. | ||
| 245 | 0 | _aLeaf and shoot diseases | |
| 260 |
_bIn: Handbook of natural rubber production in India. (Ed. P.N. Radhakrishna Pillay). Rubber Research Institute of India, Kottayam, India, pp. 249-278. _c1980 |
||
| 650 | _aAbnormal leaf fall | ||
| 650 | _aDisease control | ||
| 650 | _aLeaf disease | ||
| 650 | _aShoot disease | ||
| 700 | _aGeorge M.K. | ||
| 700 | _aRajalakshmy V.K. | ||
| 942 | _cBS | ||
| 999 |
_c50355 _d50355 |
||